Nature & Nation: (Record no. 186176)
[ view plain ]
| 000 -LEADER | |
|---|---|
| fixed length control field | 00567nam a22001817a 4500 |
| 005 - DATE AND TIME OF LATEST TRANSACTION | |
| control field | 20220216100103.0 |
| 010 ## - LCCN (DPL NO) | |
| LC control number | ENG-131609 |
| 020 ## - INTERNATIONAL STANDARD BOOK NUMBER | |
| International Standard Book Number | 9788178244594 |
| Terms of availability | 795.00 |
| 035 ## - SYSTEM CONTROL NUMBER | |
| System control number | EN-115141 |
| 037 ## - SOURCE OF ACQUISITION | |
| Source of stock number/acquisition | DBAD |
| 082 ## - DEWEY DECIMAL CLASSIFICATION NUMBER | |
| Classification number | 304.20954 |
| 100 ## - MAIN ENTRY--PERSONAL NAME | |
| Personal name | Rangarajan, Mahesh |
| 245 ## - TITLE STATEMENT | |
| Title | Nature & Nation: |
| Remainder of title | Essays on Environmental History/ |
| Statement of responsibility, etc | Mahesh Rangarajan |
| 260 ## - PUBLICATION, DISTRIBUTION, ETC. (IMPRINT) | |
| Place of publication, distribution, etc | Ranikhet |
| Name of publisher, distributor, etc | Permanent Black |
| Date of publication, distribution, etc | 2015 |
| 270 ## - ADDRESS | |
| Address | Mall Road, Ranikhet Cantt |
| City | Ranikhet |
| Postal code | 263645 |
| Electronic mail address | perblack@gmail.com |
| 300 ## - PHYSICAL DESCRIPTION | |
| Extent | 346p. |
| Dimensions | 22cm(hbk) |
| 942 ## - ADDED ENTRY ELEMENTS (KOHA) | |
| Source of classification or shelving scheme | Dewey Decimal Classification |
| Item type | English Books |
| Classification part | 304.20954 |
| Call number suffix | RAN |
| Withdrawn status | Lost status | Not for loan | Collection code | Home library | Current library | Date acquired | Source of acquisition | Cost, normal purchase price | Full call number | Barcode | Copy number | Cost, replacement price | Koha item type |
|---|---|---|---|---|---|---|---|---|---|---|---|---|---|
| Non-fiction | Bawana | Bawana | 16/02/2022 | DBAD/PUB | 795.00 | 304.20954 RAN | EN-115141 | 1 | 795.00 | English Books |
